| 000 | 00420nam a22001457a 4500 | ||
|---|---|---|---|
| 003 | SGT | ||
| 082 |
_a617.84 _bC24K |
||
| 100 | _aKAUR, KAMALPREET | ||
| 245 | _aCOMPARISON OF THE EFFECT OF FUNCTIONAL TRAINING AND CORE STRENGTHING EXERCISES ON VARIABLES OF PHYSICAL FITNESS IN THE RACQUET PLAYERS | ||
| 260 |
_aGURUGRAM _bSGT UNIVERSITY _c2024 |
||
| 300 | _a113 | ||
| 650 | _aSPORTS | ||
| 653 | _aMPT | ||
| 942 |
_2ddc _cTH |
||
| 999 |
_c32201 _d32201 |
||